| 000 | 01218cam a2200301 i 4500 | ||
|---|---|---|---|
| 005 | 20160131122130.0 | ||
| 008 | 001212s2001 dcuab b 001 0 eng | ||
| 020 | _a1559637390 (cloth : alk. paper) | ||
| 020 | _a1559637404 (paper : alk. paper) | ||
| 040 |
_aDLC _cDLC _dDLC _dCO-BoIAVH |
||
| 041 | _aeng | ||
| 042 | _apcc | ||
| 044 | _axxu | ||
| 082 | 0 | 4 |
_a333.950151 _bM68m |
| 245 | 0 | 0 |
_aModeling in natural resource management : _bdevelopment, interpretation, and application / _cedited by Tanya M. Shenk and Alan B. Franklin. |
| 260 |
_aWashington, DC : _bIsland Press, _cc2001. |
||
| 300 |
_axiii, 223 páginas : _bilustraciones y mapas ; _c24 cm. |
||
| 504 | _aIncluye referencias bibliográficas e índice. | ||
| 650 | 1 | 4 |
_aEcología _xMétodos estadísticos |
| 650 | 2 | 4 |
_aBiología de población _xMétodos estadísticos |
| 650 | 2 | 4 |
_aRecursos naturales _xMétodos estadísticos |
| 650 | 2 | 4 |
_aEcología _xModelos matemáticos |
| 650 | 2 | 4 |
_aBiología de población _xModelos matemáticos |
| 650 | 2 | 4 |
_aRecursos naturales _xModelos matemáticos |
| 700 | 1 |
_aShenk, Tanya M., _eeditora. |
|
| 700 | 1 |
_aFranklin, Alan B. _eeditor. |
|
| 942 |
_2ddc _cLIBRO |
||
| 999 |
_c2547 _d2547 |
||